சூளவம்சம் கூறும் இலங்கை வரலாறு /

Sulavamsam koorum Ilangai varalaru
Saved in:
Bibliographic Details
Format: Book
Language:Sinhalese
Published: யாழ்ப்பாணம்: கமலம் பதிப்பகம் , 2012.
Tags: Add Tag
No Tags, Be the first to tag this record!

MARC

LEADER 00000nam a22000007a 4500
003 LK-CoNLD
005 20251219144325.0
008 251219b |||||||| |||| 00| 0 sin d
015 |2 slnb 
017 |b LK-CoDNA 
020 |a 9789551624057 
040 |a LK-CoNLD  |b TAM  |c LK-CoNLD  |d LK-CoNLD 
082 |2 23  |q LK-CoNLD  |a 954.93 
245 |6 880-1  |a சூளவம்சம் கூறும் இலங்கை வரலாறு /  |b    |c  க. குணராசா. 
260 |a யாழ்ப்பாணம்:  |b கமலம் பதிப்பகம் ,  |c 2012. 
300 |a ப. v, 131 ; 
880 |6 245-1  |a Sulavamsam koorum Ilangai varalaru 
942 |c BOOK 
945 |c 22  |d Logeshwary RAMASAMY  |a 22  |b Logeshwary RAMASAMY 
999 |c 295741  |d 295741